Pronósticos en los negocios

Sparad:
Bibliografiska uppgifter
Huvudupphovsmän: Hanke, John E (Författare, medförfattare), Reitsh, Arthur G (Författare, medförfattare)
Materialtyp: Bok
Språk:spanska
Publicerad: Ciudad de México Prentice Hall Hispanoamericana 1996
Ämnen:
Taggar: Lägg till en tagg
Inga taggar, Lägg till första taggen!

MARC

LEADER 00000nam a2200000 a 4500
001 UCQ9654
003 CL-VaPUC
008 990112e19960000MX |||||||||||||||||spa|d
082 0 4 |a 658.403  |b HAN  |2 21 
100 |a Hanke, John E  |e author  |9 501882 
700 0 |a Reitsh, Arthur G  |e author  |9 424340 
245 1 0 |a Pronósticos en los negocios 
300 |a 605 p 
942 |c BK 
945 |d 19990112 00:00:00  |a aarredon 
260 |a Ciudad de México  |b Prentice Hall Hispanoamericana  |c 1996 
650 7 |a PRONOSTICO DE LOS NEGOCIOS  |2 CL-VaPUC  |9 328602 
650 0 |a Análisis de series de tiempo   |9 260363 
650 0 |a Negocios  |9 262468 
650 0 |a Análisis de regresión   |9 263763 
650 0 |a Estadística descriptiva  |9 366209 
583 |a last modification  |c 19990112 00:00:00  |k Rodrigo Vera 
999 |c 278642  |d 278640 
952 |0 0  |1 0  |4 0  |6 658_403000000000000_HAN_1996  |7 0  |8 A  |9 317326  |a BIBENE  |b BIBENE  |d 2019-11-20  |i 3496562  |o 658.403 HAN 1996  |p 3496562  |r 2025-01-15  |w 2019-11-20  |y BK  |k ICO